Kader von Paris Saint-Germain Champions League 2024/2025 - Statistiken

Allgemein
  • Dieses Quiz wurde 52 mal gespielt
  • Das Durchschnittsergebnis liegt bei 16 aus 23
Antwortstatistiken
Bildquiz Antwort % Korrekt
Achraf Hakimi
100%
Lucas Hernández
100%
Ousmane Dembélé
98%
Bradley Barcola
96%
Vitinha
96%
Gianluigi Donnarumma
93%
Gonçalo Ramos
93%
Marquinhos
91%
Fabián Ruiz
87%
Nuno Mendes
87%
Presnel Kimpembe
85%
Warren Zaïre-Emery
83%
Désiré Doué
80%
Khvicha Kvaratskhelia
78%
Willian Pacho
70%
João Neves
65%
Lee Kang-in
63%
Lucas Beraldo
48%
Matvei Safonov
30%
Senny Mayulu
30%
Arnau Tenas
26%
Ibrahim Mbaye
11%
Yoram Zague
11%
Keine übereinstimmenden Quizze gefunden
Verteilung der Resultate
Anzahl Personen mit jedem Resultat
Perzentil nach korrekt beantworteten Fragen
Ihre Resultats-Entwicklung
Sie haben dieses Quiz noch nicht gespielt